000 00407nam a2200157Ia 4500
008 230312s9999||||xx |||||||||||||| ||und||
020 _a81-203-4430-3
082 _a658.301
_bPRA-S
100 _aPrasad;Kesho
245 0 _aStrategic Human Resource Development
260 _bPHI
_aIndia
_c2012
300 _a408
546 _aEng.
650 _aManagement
_vStrategic Human Resource Development
942 _cBK
999 _c9234
_d9234